000 00615nam a2200121Ia 4500
008 220615s9999||||xx |||||||||||||| ||und||
100 _aKennett, Brian
245 0 _aSeismic Wave Propagation in Stratified Media
546 _aEnglish[eng]
650 _aseismology||seismic waves||seismic tomography||Half-space (geometry)||Mantle (geology)||Matrix (mathematics)||Propagator||Tensor
856 _uhttps://library.oapen.org/bitstream/20.500.12657/33627/1/459524.pdf||https://library.oapen.org/bitstream/20.500.12657/33627/1/459524.pdf||https://library.oapen.org/bitstream/20.500.12657/33627/1/459524.pdf
942 _cEB
999 _c14533
_d14533